[Event "GER-ch U10"]
[Site "Willingen"]
[Date "2001.06.08"]
[Round "10"]
[White "Jakob, Julian"]
[Black "Zikeli, Julia"]
[Result "1-0"]
[WhiteElo "978"]
[BlackElo "1178"]
[PlyCount "39"]
[EventDate "2001.06.03"]
[EventType "swiss"]
[EventRounds "11"]
[EventCountry "GER"]
[SourceTitle "EXT 2003"]
[Source "ChessBase"]
[SourceDate "2002.11.25"]
[SourceVersion "1"]
[SourceVersionDate "2002.11.25"]
[SourceQuality "1"]

1. e4 c5 2. Nf3 d6 3. d4 cxd4 4. Nxd4 Nf6 5. Nc3 g6 6. Bc4 Bg7 7. 0-0 Nc6 8. h3 0-0 9. Be3 Bd7 10. Qd2 Re8 11. Rad1 Ne5 12. Bb3 Rc8 13. Bh6 Bh8 14. Qe2 Bc6 15. f4 Ned7 16. Ne6 Qb6+ 17. Kh1 Nc5 18. Nxc5 Qxc5 19. e5 Nd7 20. e6 1-0

[Event "GER-ch U10"]
[Site "Willingen"]
[Date "2001.06.06"]
[Round "6"]
[White "Jakob, Julian"]
[Black "Schaetz, Christopher"]
[Result "1-0"]
[WhiteElo "978"]
[BlackElo "1152"]
[PlyCount "135"]
[EventDate "2001.06.03"]
[EventType "swiss"]
[EventRounds "11"]
[EventCountry "GER"]
[SourceTitle "EXT 2003"]
[Source "ChessBase"]
[SourceDate "2002.11.25"]
[SourceVersion "1"]
[SourceVersionDate "2002.11.25"]
[SourceQuality "1"]

1. e4 c5 2. Nf3 Nc6 3. Nc3 g6 4. d4 cxd4 5. Nxd4 Bg7 6. Be3 d6 7. Bc4 Nf6 8. h3 0-0 9. 0-0 a6 10. Qd2 b5 11. Nxc6 Qc7 12. Bd5 Nxd5 13. exd5 e6 14. Rab1 exd5 15. Nxd5 Re8 16. Nd4 Qb7 17. Nc3 b4 18. Nce2 Qd5 19. Qxb4 a5 20. Nf4 Qe4 21. Qxd6 Ra6 22. Qd5 Bb7 23. Qxe4 Rxe4 24. c3 g5 25. Nh5 Bxd4 26. Bxd4 Rh6 27. Nf6+ Rxf6 28. Bxf6 Re6 29. Bxg5 Rg6 30. h4 h6 31. Be3 Rxg2+ 32. Kh1 Rxf2+ 33. Kg1 Rg2+ 34. Kh1 Re2+ 35. Kg1 Rg2+ 36. Kh1 Rxb2+ 37. Kg1 Rg2+ 38. Kh1 Rxa2+ 39. Kg1 Rg2+ 40. Kh1 Re2+ 41. Kg1 Rxe3 42. Rxb7 a4 43. Ra7 Rg3+ 44. Kh2 Rg4 45. Kh3 h5 46. Ra1 Rc4 47. R1xa4 Rxc3+ 48. Kg2 Kg7 49. Ra3 Rc4 50. R7a4 Rc2+ 51. Kf3 f6 52. Kf4 Rf2+ 53. Rf3 Rh2 54. Kf5 Rg2 55. Ra7+ Kh6 56. Kxf6 Rg6+ 57. Kf5 Rg4 58. Re3 Rg6 59. Rae7 Rg7 60. R3e6+ Kh7 61. Rxg7+ Kxg7 62. Re7+ Kh6 63. Re6+ Kg7 64. Ra6 Kf7 65. Ra7+ Kg8 66. Kf6 Kh8 67. Kg6 Kg8 68. Ra8# 1-0

[Event "GER-ch U10"]
[Site "Willingen"]
[Date "2001.06.05"]
[Round "5"]
[White "Zahn, Benno"]
[Black "Jakob, Julian"]
[Result "1-0"]
[WhiteElo "1263"]
[BlackElo "978"]
[PlyCount "57"]
[EventDate "2001.06.03"]
[EventType "swiss"]
[EventRounds "11"]
[EventCountry "GER"]
[SourceTitle "EXT 2003"]
[Source "ChessBase"]
[SourceDate "2002.11.25"]
[SourceVersion "1"]
[SourceVersionDate "2002.11.25"]
[SourceQuality "1"]

1. e4 e5 2. Nf3 Nc6 3. Bc4 Be7 4. d4 exd4 5. Nxd4 Nf6 6. Bg5 Nxe4 7. Bxe7 Qxe7 8. 0-0 0-0 9. Re1 d6 10. f3 Qg5 11. Rxe4 d5 12. f4 Qd8 13. Nxc6 bxc6 14. Rd4 Qf6 15. Bb3 Be6 16. Nc3 c5 17. Rd2 d4 18. Nd5 Qd8 19. Ne3 Rb8 20. f5 Bxb3 21. cxb3 c6 22. Ng4 Re8 23. Rc1 Qe7 24. Rf2 Rbd8 25. f6 Qe4 26. fxg7 Qe7 27. Nf6+ Kxg7 28. Qg4+ Kh8 29. Qh5 1-0